| 000 | 01618cam a2200373 i 4500 | ||
|---|---|---|---|
| 001 | 200462606 | ||
| 003 | TR-AnTOB | ||
| 005 | 20241002133101.0 | ||
| 007 | ta | ||
| 008 | 110713s2006 tu b b 001 0 tur d | ||
| 020 | _a9754093938 | ||
| 040 |
_aCUY _beng _erda _cCUY _dSULEY _dTR-AnTOB |
||
| 041 | 0 | _atur | |
| 050 | 4 |
_aD566 _b.G873 2006 |
|
| 090 |
_aD566 _b.G873 2006 |
||
| 100 | 1 |
_aGüralp, Serif _eauthor _941435 |
|
| 245 | 1 | 0 |
_a1918 yılında Türk ordusunun Filistin ve Suriye'den çekilişinde 3ncü süvari tümeni harekatı / _cAlbay Şerif Güralp ; yayına hazırlayanlar Dr. Öğ. Yb. Zekeriya Türkmen, Tar. Uzm. Fatma İlhan. |
| 246 | 3 | 0 | _aBin dokuzyüz onsekiz yılında Türk ordusunun Filistin ve Suriye'den çekilişinde 3ncü süvari tümeni harekatı. |
| 246 | 3 | 0 | _aBindokuzyüz onsekiz yılında Türk ordusunun Filistin ve Suriye'den çekilişinde 3ncü süvari tümeni harekatı. |
| 264 | 1 |
_aAnkara : _bGenelkurmay Basımevi, _c2006. |
|
| 300 |
_avii, 49, [14] pages : _bmaps ; _c24 cm |
||
| 336 |
_atext _btxt _2rdacontent |
||
| 337 |
_aunmediated _bn _2rdamedia |
||
| 338 |
_avolume _bnc _2rdacarrier |
||
| 490 | 0 |
_aGenelkurmay Basımevi Yayın Numarası ; _v2006/92 |
|
| 504 | _aBIBINDX | ||
| 650 | 7 |
_aDünya Savaşı, 1914-1918 _xCepheler _zFilistin _2etuturkob _96428 |
|
| 650 | 7 |
_aDünya Savaşı, 1914-1918 _xCepheler _zSuriye _2etuturkob _96428 |
|
| 650 | 7 |
_aDünya Savaşı, 1914-1918 _xAlay tarihleri _zTürkiye _2etuturkob _96428 |
|
| 700 | 1 |
_aTürkmen, Zekeriya _d1964- _eeditor _9105580 |
|
| 700 | 1 |
_aİlhan, Fatma _eeditor _9128884 |
|
| 942 |
_2lcc _cBK |
||
| 999 |
_c200462606 _d80818 |
||